000 00382nab a2200133Ia 4500
003 ES-SlBCS
005 20210601131737.0
008 140529s1953 xxu||||| |||| 00| 0 fre d
041 _afre
100 1 _aMartel, Pierre-Albin
_9188289
245 0 0 _aLes caïds et l'avenir
_c Pierre-Albin Martel
773 0 _tVie Intelectuelle (La)
_gnº. 7, 1953, págs. 102-105
_wRev907
942 _cAR
999 _c568041
_d568041